000 00677nam a2200193Ii 4500
003 JO-AjNU
008 230606s9999||||xx |||||||||||||| ||und||
040 _aJO-AjNU
_beng
_erda
_cJO-AjNU
041 _aeng
050 1 4 _aHG8719 .S23 2012
100 3 _aSabbagh, Ahmad Muhammad,
_eauthor
_92982
245 0 0 _aIslamic Takaful Insurance : From Jurisprudents To Applications
264 3 1 _aAmman: Islamic insurance Company,2012
300 _a345p
_bIncludes bibliographical references and index (p 335-345)
336 _atext
_btxt
_2rdacontent
337 _aunmediated
_bn
_2rdamedia
338 _avolume
_bnc
_2rdacarrier
650 4 _aInsurance - Religious aspects - Islam
_92983
999 _aE1564
_c1564
_d1564